000 00641nam a2200217Ia 4500
003 OSt
005 20220925165721.0
006 a|||||r|||| 00| 0
007 ta
008 220923b |||||||| |||| 00| 0 eng d
037 _cGeneral Book
040 _aRTL
_cRTL
_beng
041 _2eng
_aeng
082 _aX:7, L1/SC
100 _aKORNAI Jonos
_9234549
245 0 _aAnti- equilibrium
_b On economic system theory and the tasks of research.
260 _aAmsterdam
_bNorth Holland Publishing Company
_c1971
300 _axx,402p.
_ccm.
942 _hX:7, L1/SC
_cGB
_2CC
999 _c477998
_d477998